书目信息 |
| 题名: |
保障性住房制度与中低收入家庭安居问题的数量分析
|
|
| 作者: | 卢媛 著 | |
| 分册: | ||
| 出版信息: | 北京 经济管理出版社 2017 |
|
| 页数: | 177页 | |
| 开本: | 23cm | |
| 丛书名: | 经济管理学术文库 | |
| 单 册: | ||
| 中图分类: | F299.271 , F299.27 | |
| 科图分类: | ||
| 主题词: | 保障性住房--住房制度--研究--北京市 | |
| 电子资源: | ||
| ISBN: | 978-7-5096-5152-0 | |
| 000 | 02160nam 2200301 450 | |
| 001 | 2364091078 | |
| 005 | 20231203174828.35 | |
| 010 | @a978-7-5096-5152-0@dCNY68.00 | |
| 100 | @a20170831d2017 em y0chiy50 ea | |
| 101 | 0 | @achi |
| 102 | @aCN@b110000 | |
| 105 | @aak a 000yy | |
| 200 | 1 | @a保障性住房制度与中低收入家庭安居问题的数量分析@Abao zhang xing zhu fang zhi du yu zhong di shou ru jia ting an ju wen ti de shu liang fen xi@e以北京市为例@d= Quantitative analysis of indemnificatory housing system and housing problem of middle and low income families@etake Beijing as an example@f卢媛著@zeng |
| 210 | @a北京@c经济管理出版社@d2017 | |
| 215 | @a177页@c图@d23cm | |
| 225 | 2 | @a经济管理学术文库@Ajing ji guan li xue shu wen ku@i经济类 |
| 300 | @a海南大学经济与管理学院2016省应用经济重点学科建设项目成果 海南大学科研启动基金项目 (kyqd1530) 成果 海南省自然科学基金项目 (20161004) 成果 | |
| 314 | @a卢媛, 讲师, 执教于海南大学经济与管理学院金融统计系, 获首都经济贸易大学统计学专业经济学博士学位。 | |
| 320 | @a有书目 (第170-176页) | |
| 330 | @a伴随着经济体制的改革, 住房分配制度经历了由住房公共福利分配模式, 单一的货币化分房模式, 向商品化住房供应制度的转变。经济发展为房地产行业提供了重要发展契机。市场经济作用下房地产市场的繁荣使住房供给数量、房屋质量、配套标准等指标稳步提高, 但同时也伴随着住房价格快速上涨, 商品房售价最高记录被不断刷新。北京从2007年起房价一路走高, 在高房价面前, 中低收入居民家庭住房条件无力改善、基本住房需求无法得到满足。为此, 关于保障性住房制度与中低收入家庭安居问题的研究, 不仅非常急迫, 具有重要的现实意义, 同时也有显著的理论和学术价值。本文针对北京市保障性住房制度特点, 把数量分析方法应用到对保障性住房制度问题的研究, 并提出了针对保障房准入标准、保障规模、资金需求和退出机制等保障房主要制度环节的一套测算方法体系。 | |
| 410 | 0 | @12001 @a经济管理学术文库@i经济类 |
| 510 | 1 | @aQuantitative analysis of indemnificatory housing system and housing problem of middle and low income families@etake Beijing as an example@zeng |
| 606 | 0 | @a保障性住房@x住房制度@x研究@y北京市 |
| 690 | @aF299.271@v5 | |
| 690 | @aF299.27@v4 | |
| 701 | 0 | @a卢媛@Alu yuan@4著 |
| 801 | 0 | @aCN@b湖北三新@c20170831 |
| 905 | @aZUCC@dF299.27@e15 | |
| 保障性住房制度与中低收入家庭安居问题的数量分析:以北京市为例= Quantitative analysis of indemnificatory housing system and housing problem of middle and low income families:take Beijing as an example/卢媛著.-北京:经济管理出版社,2017 |
| 177页:图;23cm.-(经济管理学术文库.经济类) |
| 海南大学经济与管理学院2016省应用经济重点学科建设项目成果 海南大学科研启动基金项目 (kyqd1530) 成果 海南省自然科学基金项目 (20161004) 成果 |
| ISBN 978-7-5096-5152-0:CNY68.00 |
| 伴随着经济体制的改革, 住房分配制度经历了由住房公共福利分配模式, 单一的货币化分房模式, 向商品化住房供应制度的转变。经济发展为房地产行业提供了重要发展契机。市场经济作用下房地产市场的繁荣使住房供给数量、房屋质量、配套标准等指标稳步提高, 但同时也伴随着住房价格快速上涨, 商品房售价最高记录被不断刷新。北京从2007年起房价一路走高, 在高房价面前, 中低收入居民家庭住房条件无力改善、基本住房需求无法得到满足。为此, 关于保障性住房制度与中低收入家庭安居问题的研究, 不仅非常急迫, 具有重要的现实意义, 同时也有显著的理论和学术价值。本文针对北京市保障性住房制度特点, 把数量分析方法应用到对保障性住房制度问题的研究, 并提出了针对保障房准入标准、保障规模、资金需求和退出机制等保障房主要制度环节的一套测算方法体系。 |
| ● |
| 相关链接 |
|
|
|
正题名:保障性住房制度与中低收入家庭安居问题的数量分析
索取号:F299.27/15
 
预约/预借
| 序号 | 登录号 | 条形码 | 馆藏地/架位号 | 状态 | 备注 |
| 1 | 2001325483 | 2001325483 | 315书库/ [索取号:F299.27/15] | 在馆 | |
| 2 | 2001325484 | 2001325484 | 315书库/ [索取号:F299.27/15] | 在馆 | |
| 3 | 2001325485 | 2001325485 | 315书库/ [索取号:F299.27/15] | 在馆 | |
| 4 | 2001325486 | 2001325486 | 315书库/ [索取号:F299.27/15] | 在馆 | |
| 5 | 2001325487 | 2001325487 | 315书库/ [索取号:F299.27/15] | 在馆 | |
| 6 | 2001325488 | 2001325488 | 315书库/ [索取号:F299.27/15] | 在馆 | |
| 7 | 2001325489 | 2001325489 | 322书库/ [索取号:F299.27/15] | 在馆 | |
| 8 | 2001325490 | 2001325490 | 322书库/ [索取号:F299.27/15] | 在馆 | |
| 9 | 2001325491 | 2001325491 | 322书库/ [索取号:F299.27/15] | 在馆 | |
| 10 | 2001325492 | 2001325492 | 322书库/ [索取号:F299.27/15] | 在馆 | |
| 11 | 2001325493 | 2001325493 | 322书库/ [索取号:F299.27/15] | 在馆 | |
| 12 | 2001325494 | 2001325494 | 322书库/ [索取号:F299.27/15] | 在馆 | |
| 13 | 2001325495 | 2001325495 | 322书库/ [索取号:F299.27/15] | 在馆 | |
| 14 | 2001325496 | 2001325496 | 322书库/ [索取号:F299.27/15] | 在馆 | |
| 15 | 2001325497 | 2001325497 | 322书库/ [索取号:F299.27/15] | 在馆 |